000 00614nam a2200169Ia 4500
008 090711s9999 xx 000 0 und d
082 _b45554
100 _aधर्माधिकारी भाऊ
245 _aगांधी विSाार दर्शन (खंड 16)
260 _c1963
300 _a2.5
600 _aधर्माधिकारी भाऊ
630 _aगांधी विSाार दर्शन (खंड 16)
700 _aधर्माधिकारी भाऊ
730 _aगांधी विSाार दर्शन (खंड 16)
942 _cBOOK
999 _c320271
_d320271